| 000 | 00363nam a2200145 a 4500 | ||
|---|---|---|---|
| 005 | 20140412111327.0 | ||
| 008 | 110105s19uu xx 00 eng d | ||
| 020 | _a0-38303592-9 | ||
| 050 |
_aTR(PS E _bSa7 1994 |
||
| 100 | _aA Group of children at Lowesdale school | ||
| 245 | _aSarah Snail. | ||
| 260 |
_bMcmillan, _c1994. |
||
| 300 | _a15p. | ||
| 999 |
_c104691 _d104691 |
||